01464nam a2200361Ia 4500001001200000003000800012006001900020007001500039008004100054010001700095020002200112020002500134020002600159040002100185035002100206050002400227100001500251245011100266260005700377300001700434440004000451490003000491504005100521533015200572651006000724651006300784651002000847655002900867710001700896830004600913856012600959999001701085ebr10729680CaPaEBRm o u cr cn|||||||||130401s2012 nyu sb 001 0 eng d z 2012462741 z1622577604 (pbk.) z9781622577606 (pbk.) z9781628087529 (ebook) aCaPaEBRcCaPaEBR a(OCoLC)85215835914aDS778.7b.W8 2012eb1 aWu, Guang.10aChina 1966-1976, cultural revolution revisitedh[electronic resource] :bcan it happen again? /cGuang Wu. aNew York :bNovinka/Nova Science Publishers,cc2012. axiii, 126 p. 0aFocus on civilizations and cultures1 aChina in the 21st century aIncludes bibliographical references and index. aElectronic reproduction.bPalo Alto, Calif. :cebrary,d2013.nAvailable via World Wide Web.nAccess may be limited to ebrary affiliated libraries. 0aChinaxHistoryyCultural Revolution, 1966-1976xCauses. 0aChinaxHistoryyCultural Revolution, 1966-1976xInfluence. 0aChinaxHistory. 7aElectronic books.2local2 aebrary, Inc. 0aChina in the 21st century (Commack, N.Y.)40uhttp://site.ebrary.com/lib/rucke/Doc?id=10729680zAn electronic book accessible through the World Wide Web; click to view c37902d37902